[Event "8th ch-Euro"]
[Site "Dresden GER"]
[Date "2007.04.07"]
[Round "5"]
[White "Kozul,Z"]
[Black "Jovanovic,Zo CRO"]
[Result "1/2-1/2"]
[WhiteElo "2616"]
[BlackElo "2557"]
[EventDate "2007.04.03"]

1. d4 Nf6 2. Nf3 e6 3. c4 Bb4+ 4. Bd2 c5 5. Bxb4 cxb4 6. a3 bxa3 7. Rxa3
O-O 8. e3 d6 9. Be2 b6 10. O-O Bb7 11. Nc3 Qe7 12. Nd2 Nc6 13. Bf3 Nb4 14.
Bxb7 Qxb7 15. Qb3 a5 16. Na2 Nxa2 17. Rxa2 Qc6 18. Qa4 Rac8 19. b4 axb4 20.
Qxb4 Ra8 21. Rb2 Nd7 22. h3 Ra5 23. Qb3 Rfa8 24. Qd3 h6 25. Qe4 Qc7 26.
Rfb1 Ra3 27. Qh4 Kf8 28. Qg3 Qc6 29. Nf3 Kg8 30. Kh2 Ra1 31. d5 Qxc4 32.
Rxa1 Rxa1 33. Qxd6 Qxd5 34. Qc7 Rd1 35. Nd4 Qe5+ 36. Qxe5 Nxe5 37. Rxb6 Rd2
38. Rb8+ Kh7 39. Kg3 Nd3 40. Rd8 Nxf2 41. Rf8 Ne4+ 42. Kh2 Nd6 43. Nf3 Re2
44. Ne5 f6 45. Rd8 Nf5 46. Nd7 Kg6 47. Nc5 Rxe3 48. Rd7 h5 49. Kg1 Re2 50.
g4 hxg4 51. hxg4 Nh6 52. Re7 Nxg4 53. Nxe6 Kh6 54. Nxg7 Kg6 1/2-1/2

[Event "8th ch-Euro"]
[Site "Dresden GER"]
[Date "2007.04.07"]
[Round "5"]
[White "Kuzubov,Y"]
[Black "Predojevic,B"]
[Result "1/2-1/2"]
[WhiteElo "2554"]
[BlackElo "2587"]
[EventDate "2007.04.03"]

1. d4 d5 2. c4 c6 3. Nf3 Nf6 4. e3 Bg4 5. Nc3 e6 6. h3 Bxf3 7. Qxf3 Nbd7 8.
Bd3 Bd6 9. O-O O-O 10. Qd1 Qe7 11. Qb3 Rab8 12. Bd2 a6 13. a4 a5 14. Rad1
Bc7 15. f4 Nb6 16. Qa2 Nxc4 17. Bxc4 dxc4 18. Qxc4 Rfd8 19. b3 1/2-1/2

[Event "8th ch-Euro"]
[Site "Dresden GER"]
[Date "2007.04.07"]
[Round "5"]
[White "Landa,K"]
[Black "Howell,D"]
[Result "1-0"]
[WhiteElo "2596"]
[BlackElo "2501"]
[EventDate "2007.04.03"]

1. Nf3 Nf6 2. c4 g6 3. Nc3 d5 4. Qa4+ Bd7 5. Qb3 dxc4 6. Qxc4 a6 7. d4 b5
8. Qb3 e6 9. Bg5 h6 10. Bxf6 Qxf6 11. g3 Bc6 12. Bg2 Qe7 13. O-O Bg7 14. e4
O-O 15. d5 Bb7 16. Rad1 Nd7 17. Nd4 Rad8 18. a4 Bxd4 19. Rxd4 e5 20. Rd2 b4
21. d6 cxd6 22. Qxb4 Nc5 23. Rfd1 Bc6 24. a5 Rd7 25. Qc4 Bb7 26. Qxc5 dxc5
27. Rxd7 Qe6 28. Rxb7 Kg7 29. Ra1 1-0

[Event "8th ch-Euro"]
[Site "Dresden GER"]
[Date "2007.04.07"]
[Round "5"]
[White "Arutinian,D"]
[Black "Laznicka,V"]
[Result "1/2-1/2"]
[WhiteElo "2552"]
[BlackElo "2593"]
[EventDate "2007.04.03"]

1. d4 d5 2. c4 c6 3. Nf3 Nf6 4. Nc3 a6 5. c5 Nbd7 6. Bf4 Nh5 7. Bd2 Nhf6 8.
Rc1 g6 9. h3 Qc7 10. g3 Bg7 11. Bg2 O-O 12. Bf4 Qd8 13. O-O Nh5 14. Bd2 f5
15. Na4 e5 16. dxe5 Nxe5 17. Bc3 Nxf3+ 18. Bxf3 Bxc3 19. Rxc3 Ng7 20. Nb6
Rb8 21. e3 Be6 22. b4 g5 23. Bg2 f4 24. exf4 gxf4 25. Re1 Qc7 26. Qd4 Rbe8
27. Rf3 fxg3 28. Rxg3 Bf5 29. Rxe8 Rxe8 30. Qf6 Bg6 31. Re3 Rxe3 32. fxe3
Ne8 1/2-1/2

[Event "8th ch-Euro"]
[Site "Dresden GER"]
[Date "2007.04.07"]
[Round "5"]
[White "Pert,N"]
[Black "Nataf,IA"]
[Result "1/2-1/2"]
[WhiteElo "2518"]
[BlackElo "2589"]
[EventDate "2007.04.03"]

1. d4 Nf6 2. Nf3 g6 3. c4 Bg7 4. g3 O-O 5. Bg2 c5 6. O-O cxd4 7. Nxd4 d5 8.
cxd5 Nxd5 9. Nc3 Nxc3 10. bxc3 Nd7 11. Rb1 Nb6 12. Qc2 e5 13. Nb5 Bf5 14.
e4 Bd7 15. Ba3 Bxb5 16. Rxb5 Qd7 17. Qb3 1/2-1/2

[Event "8th ch-Euro"]
[Site "Dresden GER"]
[Date "2007.04.07"]
[Round "5"]
[White "Shengelia,D"]
[Black "Kritz,L"]
[Result "1-0"]
[WhiteElo "2523"]
[BlackElo "2597"]
[EventDate "2007.04.03"]

1. d4 d5 2. c4 c6 3. Nf3 Nf6 4. e3 a6 5. Bd3 Bg4 6. Nbd2 e6 7. Qc2 Nbd7 8.
b3 Bh5 9. Bb2 Bd6 10. Ne5 Bc7 11. O-O Nxe5 12. dxe5 Nd7 13. f4 Nc5 14. cxd5
Nxd3 15. d6 Nb4 16. Qc3 Ba5 17. Nc4 c5 18. d7+ Ke7 19. e4 Nc6 20. Qe3 Kxd7
21. Rad1+ Bxd1 22. Rxd1+ Nd4 23. Bxd4 Kc7 24. Nxa5 Kb8 25. Qc3 cxd4 26.
Rxd4 Qb6 27. Nc4 Qc5 28. b4 Qc7 29. Qd2 Rc8 30. Kf2 b5 31. Nd6 Rf8 32. a4
bxa4 33. b5 a3 34. Kf3 a2 35. b6 Qc5 36. Ra4 f6 37. Rxa2 fxe5 38. Rc2 Qg1
39. b7 Qf1+ 40. Kg3 Qxf4+ 41. Qxf4 exf4+ 42. Kf3 1-0

[Event "8th ch-Euro"]
[Site "Dresden GER"]
[Date "2007.04.07"]
[Round "5"]
[White "Kunin,V"]
[Black "Vitiugov,N"]
[Result "1/2-1/2"]
[WhiteElo "2507"]
[BlackElo "2604"]
[EventDate "2007.04.03"]

1. d4 d5 2. c4 c6 3. Nf3 Nf6 4. Qc2 g6 5. Bf4 Bg7 6. e3 Bf5 7. Bd3 Bxd3 8.
Qxd3 O-O 9. Nc3 c5 10. dxc5 Na6 11. cxd5 Nxc5 12. Qd1 Qb6 13. O-O Rfd8 14.
Be5 Rac8 15. Rb1 Qa6 16. b4 Nce4 17. Nxe4 Nxe4 18. Bxg7 Kxg7 19. Qd4+ Nf6
20. b5 Qxa2 21. Ra1 Qxd5 22. Qxa7 Ne4 23. Qa3 Qc5 24. Qb2+ Qc3 25. Qa2 Nd2
26. Nxd2 Rxd2 27. Qa7 Rcd8 28. h3 R8d7 29. Rac1 Qb2 30. Rb1 Qe5 31. b6 Rc2
32. Rbc1 Rxc1 33. Rxc1 Qb2 34. Rf1 Qf6 35. Qa5 Rd6 36. Rb1 Qf5 37. Qc3+ f6
38. Qb4 Qc2 39. Rf1 Kf7 40. Qh4 h5 41. Qb4 Rd1 42. g3 Rd6 43. h4 Rc6 44.
Ra1 Qd3 45. Qa5 Qd6 46. Qa8 Rxb6 47. Qh8 Qd3 48. Ra8 Rb1+ 49. Kh2 Rh1+
1/2-1/2

[Event "8th ch-Euro"]
[Site "Dresden GER"]
[Date "2007.04.07"]
[Round "5"]
[White "Bindrich,F"]
[Black "Guseinov,G"]
[Result "1/2-1/2"]
[WhiteElo "2469"]
[BlackElo "2585"]
[EventDate "2007.04.03"]

1. d4 Nf6 2. Nf3 g6 3. Bg5 Bg7 4. Nbd2 O-O 5. e4 d6 6. c3 c5 7. dxc5 dxc5
8. Bc4 Nc6 9. O-O Qc7 10. Re1 Nh5 11. Qe2 h6 12. Bh4 Na5 13. Bb5 a6 14. Ba4
b5 15. Bc2 e5 16. a4 Be6 17. axb5 axb5 18. Nf1 b4 19. Ne3 Nf4 20. Qf1 b3
21. Bb1 c4 22. Rd1 Qc5 23. Kh1 Nc6 24. Rxa8 Rxa8 25. Nd2 Na5 26. Nf3 Nc6
27. Nd2 Na5 28. Nf3 Nc6 1/2-1/2

[Event "8th ch-Euro"]
[Site "Dresden GER"]
[Date "2007.04.07"]
[Round "5"]
[White "Gashimov,V"]
[Black "Petrik,T"]
[Result "1/2-1/2"]
[WhiteElo "2658"]
[BlackElo "2531"]
[EventDate "2007.04.03"]

1. e4 e6 2. d4 d5 3. Nc3 Bb4 4. e5 Ne7 5. Bd2 b6 6. Qg4 O-O 7. O-O-O Bxc3
8. Bxc3 Ba6 9. Bxa6 Nxa6 10. h4 c5 11. Bd2 cxd4 12. h5 Nf5 13. Qe2 d3 14.
Qxd3 Nc5 15. Qf3 Qc7 16. Bf4 Rac8 17. g4 Na4 18. Qd3 Qc4 19. Qxc4 Rxc4 20.
Ne2 Ne7 21. Rd2 Rc7 22. h6 g6 23. Nd4 a6 24. Rh3 Rfc8 25. Ra3 b5 26. Be3
Nc5 27. f3 Rb8 28. Bf2 Kf8 29. Kb1 Na4 30. Ne2 Ra8 31. Nf4 Nc6 32. Nd3 Ke8
33. f4 Na5 34. b3 Nc3+ 35. Kb2 Ne4 36. Re2 Nc6 37. b4 Rcc8 38. f5 a5 39.
fxe6 fxe6 40. Nc5 Nxe5 41. Nxe4 dxe4 42. Rb3 Nxg4 43. Be1 a4 44. Rg3 Ne5
45. Rxe4 Nc4+ 46. Kc1 Ra6 47. Bc3 e5 48. Bxe5 Re6 49. Re1 Rc7 50. Bc3 Rxe1+
51. Bxe1 Rf7 52. Kd1 Rf1 53. Ke2 Rh1 54. Rg5 Rh5 55. Rxh5 gxh5 56. Kd3 Kd7
57. c3 Ne5+ 58. Ke4 Ke6 59. Bg3 Ng6 60. Kd4 h4 61. Bh2 h3 62. Kc5 Ne5 63.
Kxb5 Ng4 64. Bg3 h2 65. Bxh2 Nxh2 66. Kxa4 Ng4 67. Kb5 Nxh6 68. a4 Nf7 69.
a5 Kd7 70. Kc5 h5 71. Kd4 Nd6 72. Ke3 Kc6 73. Kf4 Nb5 74. Kg5 Nxc3 1/2-1/2

[Event "8th ch-Euro"]
[Site "Dresden GER"]
[Date "2007.04.07"]
[Round "5"]
[White "Sakaev,K"]
[Black "Jenni,F"]
[Result "1-0"]
[WhiteElo "2641"]
[BlackElo "2519"]
[EventDate "2007.04.03"]

1. d4 Nf6 2. c4 e6 3. Nf3 b6 4. g3 Ba6 5. Qc2 Bb7 6. Bg2 c5 7. d5 exd5 8.
cxd5 d6 9. e4 g6 10. O-O Bg7 11. Nc3 O-O 12. Re1 a6 13. a4 Nbd7 14. Bf4 Ne8
15. Rad1 Qc7 16. Qd2 Ne5 17. Bh6 f6 18. Bxg7 Nxg7 19. Nh4 c4 20. Qd4 Bc8
21. Rb1 Qc5 22. Qxc5 bxc5 23. f4 Nd3 24. Re3 g5 25. fxg5 fxg5 26. Nf3 g4
27. Nd2 Ne5 28. Bf1 Rb8 29. Bxc4 Rb4 30. b3 Ne8 31. Rf1 Nf6 32. Na2 Rb8 33.
Be2 h5 34. Nc4 Nxc4 35. Bxc4 Nd7 36. Rxf8+ Kxf8 37. Nc1 Ne5 38. Nd3 Ke7 39.
Nxe5 dxe5 40. Rd3 Rb6 41. a5 Rf6 42. Rc3 Kd6 43. Be2 Rf7 44. Rc1 Rc7 45.
Rf1 Ke7 46. Bc4 Bd7 47. Kf2 Rb7 48. Ke3 Rb4 49. Kd2 Rb8 50. Rf2 Rh8 51. Kc3
Rh6 52. b4 cxb4+ 53. Kxb4 h4 54. Kc5 hxg3 55. hxg3 Rh3 56. d6+ Ke8 57. Rb2
1-0

[Event "8th ch-Euro"]
[Site "Dresden GER"]
[Date "2007.04.07"]
[Round "5"]
[White "Rogozenko,D"]
[Black "Postny,E"]
[Result "0-1"]
[WhiteElo "2527"]
[BlackElo "2616"]
[EventDate "2007.04.03"]

1. d4 d5 2. c4 c6 3. Nf3 Nf6 4. e3 Bg4 5. h3 Bh5 6. cxd5 Bxf3 7. Qxf3 cxd5
8. Nc3 e6 9. Bd3 Nc6 10. O-O Be7 11. Qe2 O-O 12. f4 g6 13. Bd2 Nh5 14. Rfc1
f5 15. Be1 Nf6 16. Na4 Ne4 17. Bxe4 dxe4 18. Nc5 Qd5 19. Qc4 Qxc4 20. Rxc4
Bxc5 21. dxc5 Rfd8 22. Bc3 Rd3 23. Re1 Kf7 24. Kf2 Rc8 25. b4 a6 26. Rc1
Rcd8 27. Ke2 Ne7 28. Rd4 R8xd4 29. Bxd4 Nd5 30. c6 bxc6 31. Rxc6 Ra3 32.
Rc8 Rxa2+ 33. Kf1 Nxb4 34. Rc7+ Ke8 35. Rxh7 Nc2 36. Bc5 Ra5 37. Ba7 Rd5
38. Rh8+ Kd7 39. Rg8 a5 40. Rg7+ Kc6 41. Rxg6 a4 42. Rxe6+ Kb5 43. Rb6+ Kc4
44. Ra6 a3 45. Bb8 Kb5 46. Ra7 Nxe3+ 47. Kf2 Nc2 48. Be5 Rd2+ 49. Kg3 e3
50. Bc3 Rd3 0-1

[Event "8th ch-Euro"]
[Site "Dresden GER"]
[Date "2007.04.07"]
[Round "5"]
[White "Riazantsev,A"]
[Black "Berescu,A"]
[Result "1-0"]
[WhiteElo "2629"]
[BlackElo "2495"]
[EventDate "2007.04.03"]

1. d4 Nf6 2. c4 e6 3. Nf3 Bb4+ 4. Bd2 c5 5. Bxb4 cxb4 6. e3 O-O 7. Bd3 d6
8. O-O Nc6 9. Nbd2 e5 10. Qc2 Bg4 11. dxe5 dxe5 12. Ng5 h6 13. Nh7 Nxh7 14.
Bxh7+ Kh8 15. Be4 Rc8 16. h3 Be6 17. Nf3 Qa5 18. b3 Qc5 19. Rfd1 Rfd8 20.
Rxd8+ Rxd8 21. Rd1 f6 22. Nh4 Kg8 23. Rxd8+ Nxd8 24. Qd3 Qc7 25. Bd5 a5 26.
Bxe6+ Nxe6 27. Qd5 Qb6 28. Nf5 Kh7 29. Qd7 Kg6 30. g4 1-0

[Event "8th ch-Euro"]
[Site "Dresden GER"]
[Date "2007.04.07"]
[Round "5"]
[White "Romanov,E"]
[Black "Aleksandrov,A"]
[Result "1/2-1/2"]
[WhiteElo "2501"]
[BlackElo "2601"]
[EventDate "2007.04.03"]

1. e4 e5 2. Nf3 Nc6 3. Bb5 Nf6 4. O-O Nxe4 5. d4 Nd6 6. dxe5 Nxb5 7. a4
Nbd4 8. Nxd4 Nxd4 9. Qxd4 d5 10. exd6 Qxd6 11. Qe3+ Be7 12. Nc3 c6 13. Ne4
Qe6 14. f4 f5 15. Nf2 Qxe3 16. Bxe3 Be6 17. Rfe1 Kf7 18. Nd3 Rhe8 19. a5
Bd5 20. Nc5 b6 21. axb6 axb6 22. Rxa8 Rxa8 23. Nd7 Ra2 24. Nxb6 Be6 25. Rb1
Bd8 26. c4 Bxb6 27. Bxb6 Bxc4 28. Bd4 Ra4 29. Bc3 Bd5 30. g3 h6 31. h4 g6
32. Re1 Be4 1/2-1/2

[Event "8th ch-Euro"]
[Site "Dresden GER"]
[Date "2007.04.07"]
[Round "5"]
[White "Roiz,M"]
[Black "Nechepurenko,R"]
[Result "1/2-1/2"]
[WhiteElo "2605"]
[BlackElo "2481"]
[EventDate "2007.04.03"]

1. d4 Nf6 2. c4 g6 3. Nc3 d5 4. Nf3 Bg7 5. cxd5 Nxd5 6. e4 Nxc3 7. bxc3 O-O
8. Be2 c5 9. O-O Bg4 10. Be3 cxd4 11. cxd4 Nc6 12. d5 Bxf3 13. Bxf3 Bxa1
14. Qxa1 Na5 15. Bh6 f6 16. Bg4 Nc4 17. Rb1 b6 18. Qd4 Qc7 19. a4 a6 20.
Bxf8 Kxf8 21. Be2 Rc8 22. Rb4 b5 23. axb5 axb5 24. Rxb5 Na3 25. Rb6 Qc1+
26. Bf1 Nc4 27. Rxf6+ exf6 28. Qxf6+ Ke8 29. Qe6+ Kd8 30. d6 Nxd6 31. Qxd6+
Ke8 32. Qf6 Qe1 33. Qh8+ Kd7 34. Qxh7+ Kd8 35. Qg8+ Kd7 36. Qf7+ Kd8 37.
Qxg6 Rc1 38. Qd6+ Ke8 39. Qd3 Rd1 40. Qb5+ Kf8 41. g3 Qxe4 42. h4 Qe1 43.
Kg2 Qe4+ 44. Kh2 Qe1 45. Qc5+ Kf7 46. Bg2 Rd2 47. Bd5+ Ke8 48. Kg2 Rd1 49.
Kh3 Rd2 50. Qc8+ Ke7 51. Qc7+ Ke8 52. Bc6+ Kf8 53. Qb8+ Kf7 54. Qb7+ Kf6
55. Bd5 Qxf2 56. Qf7+ Ke5 57. Qe6+ Kd4 58. Qe4+ Kc5 59. Qc4+ Kd6 60. Qc6+
Ke5 61. Bg2 Qf5+ 62. Kh2 Qc2 63. Qb7 Qb2 64. Qf3 Rf2 65. Qe4+ Kf6 66. h5
Qc2 67. Qd5 Rd2 68. Qb7 Kg5 69. Qg7+ Kxh5 70. Kh3 Rxg2 71. g4+ 1/2-1/2

[Event "8th ch-Euro"]
[Site "Dresden GER"]
[Date "2007.04.07"]
[Round "5"]
[White "Bartel,Mat"]
[Black "Iljushin,A"]
[Result "1-0"]
[WhiteElo "2587"]
[BlackElo "2510"]
[EventDate "2007.04.03"]

1. Nf3 d5 2. d4 Nf6 3. c4 c6 4. e3 a6 5. Qc2 e6 6. Nbd2 Nbd7 7. Bd3 dxc4 8.
Nxc4 c5 9. Bd2 b6 10. Nce5 Bb7 11. Ng5 Nxe5 12. dxe5 Nd5 13. f4 Be7 14. Nf3
b5 15. O-O c4 16. Be4 Qb6 17. Kh1 g6 18. Ng5 Bxg5 19. fxg5 O-O 20. Bxd5
Bxd5 21. e4 Bb7 22. Bb4 Qe3 23. Rae1 Qxg5 24. Qf2 a5 25. Bxf8 Rxf8 26. Qb6
Qe7 27. Qxb5 Qb4 28. Qd7 Ba6 29. Qd6 Bb5 30. Rg1 Rc8 31. Rc1 Rc6 32. Qd8+
Qf8 33. Qxa5 Rc5 34. Rgd1 Be8 35. Rd8 Ba4 36. b3 Bb5 37. a4 1-0

[Event "8th ch-Euro"]
[Site "Dresden GER"]
[Date "2007.04.07"]
[Round "5"]
[White "Grigoriants,S RUS"]
[Black "Wells,P"]
[Result "1/2-1/2"]
[WhiteElo "2592"]
[BlackElo "2501"]
[EventDate "2007.04.03"]

1. d4 Nf6 2. c4 e6 3. Nc3 Bb4 4. e3 O-O 5. Nge2 d5 6. a3 Be7 7. cxd5 Nxd5
8. Bd2 Nd7 9. g3 b6 10. Nxd5 exd5 11. Bg2 Nf6 12. O-O Bf5 13. Nf4 Qd7 14.
Qb3 Rfd8 15. Rac1 Rac8 16. Rfd1 a5 17. Be1 a4 18. Qc3 c6 19. Qd2 Bd6 20.
Qe2 Bxf4 21. exf4 Bh3 22. Qa6 Bxg2 23. Kxg2 b5 24. Bb4 h5 25. Re1 h4 26. f3
1/2-1/2

[Event "8th ch-Euro"]
[Site "Dresden GER"]
[Date "2007.04.07"]
[Round "5"]
[White "Starostits,I"]
[Black "Iordachescu,V"]
[Result "0-1"]
[WhiteElo "2472"]
[BlackElo "2563"]
[EventDate "2007.04.03"]

1. e4 c6 2. d4 d5 3. e5 Bf5 4. Nf3 e6 5. Be2 Nd7 6. O-O Ne7 7. Nh4 Be4 8.
Nd2 c5 9. c3 Nc6 10. Nxe4 dxe4 11. g3 Be7 12. Ng2 Qb6 13. Ne3 Rd8 14. Nc4
Qc7 15. Bf4 cxd4 16. cxd4 Nb6 17. Nd6+ Bxd6 18. exd6 Qd7 19. g4 O-O 20. Rc1
f5 21. gxf5 Rxf5 22. Bg3 Rd5 23. Qc2 Nc8 24. Bc4 Nxd4 25. Qxe4 Nxd6 26.
Bxd6 Rxd6 27. Rfe1 Qf7 28. f4 b5 29. Bd3 g6 30. Rc5 a6 31. Kh1 Rd5 32. Rxd5
Rxd5 33. a4 Kg7 34. axb5 axb5 35. Bb1 Qf6 36. Rd1 b4 37. Bd3 Qf5 38. Qe3
Qg4 39. Rc1 Nf5 40. Bxf5 Qxf5 41. Re1 Kf6 42. Qf2 Rd7 43. Qe3 Qd5+ 44. Kg1
Qd4 45. Kf2 Qxb2+ 46. Kf1 Qa2 47. Qe5+ Kf7 48. Qh8 Qc4+ 49. Kg2 Rd2+ 0-1

[Event "8th ch-Euro"]
[Site "Dresden GER"]
[Date "2007.04.07"]
[Round "5"]
[White "Babula,V"]
[Black "Bromberger,S"]
[Result "1-0"]
[WhiteElo "2584"]
[BlackElo "2495"]
[EventDate "2007.04.03"]

1. d4 d5 2. c4 c6 3. Nf3 Nf6 4. Nc3 e6 5. Bg5 h6 6. Bxf6 Qxf6 7. Qc2 Nd7 8.
e4 dxc4 9. Bxc4 e5 10. O-O Be7 11. d5 Nb6 12. Be2 Bd7 13. a4 a5 14. Qb3 Bc5
15. Rac1 Rc8 16. dxc6 Bxc6 17. Nd5 Bxd5 18. Qb5+ Nd7 19. exd5 Qd6 20. Nd2
Qxd5 21. Nb3 Ke7 22. Rfd1 Qc6 23. Qxc6 Rxc6 24. Bb5 1-0

[Event "8th ch-Euro"]
[Site "Dresden GER"]
[Date "2007.04.07"]
[Round "5"]
[White "Murariu,A"]
[Black "Damljanovic,B"]
[Result "1-0"]
[WhiteElo "2501"]
[BlackElo "2590"]
[EventDate "2007.04.03"]

1. e4 c5 2. Nf3 d6 3. d4 cxd4 4. Nxd4 Nf6 5. Nc3 a6 6. Bg5 Nc6 7. Qd2 e6 8.
O-O-O Bd7 9. f4 b5 10. Bxf6 gxf6 11. Nxc6 Bxc6 12. Bd3 h5 13. Rhe1 Be7 14.
f5 Qb6 15. fxe6 fxe6 16. Kb1 Kf7 17. Qe2 Rag8 18. Nd5 Qc5 19. c4 b4 20. Bc2
a5 21. Rd3 Rg5 22. Nf4 Qe5 23. Qf2 a4 24. Rd5 b3 25. axb3 axb3 26. Rxe5
bxc2+ 27. Kxc2 dxe5 28. Nd3 h4 29. Re2 h3 30. g3 Rd8 31. Qb6 Rd6 32. Qc7
Ba4+ 33. Kc3 Bd1 34. Rd2 Bf3 35. Nxe5+ fxe5 36. Rxd6 Rg8 37. Rd7 Re8 38.
Qxe5 1-0

[Event "8th ch-Euro"]
[Site "Dresden GER"]
[Date "2007.04.07"]
[Round "5"]
[White "Markowski,T"]
[Black "Jaracz,P"]
[Result "1-0"]
[WhiteElo "2553"]
[BlackElo "2483"]
[EventDate "2007.04.03"]

1. g3 e5 2. c4 Nf6 3. Bg2 Bc5 4. Nc3 O-O 5. e3 c6 6. Nge2 d6 7. O-O Re8 8.
h3 Bb6 9. d4 a5 10. e4 Na6 11. Be3 Bd7 12. Kh2 exd4 13. Nxd4 Nc5 14. Qc2
Re5 15. Rad1 Rh5 16. f3 Qc8 17. h4 d5 18. cxd5 cxd5 19. Nf5 Bxf5 20. exf5
Qxf5 21. Qxf5 Rxf5 22. g4 Re5 23. Bd4 Re6 24. g5 Bc7+ 25. Kg1 Nfd7 26. f4
Rae8 27. Ne4 Bb8 28. Nc3 Rd6 29. f5 h6 30. Bxd5 Kf8 31. Bf2 hxg5 32. hxg5
Rb6 33. Bc4 Rxb2 34. Na4 Nxa4 35. Rxd7 Re4 36. Rfd1 Nb6 37. Bc5+ Bd6 38.
Bxd6+ Ke8 39. Bxf7+ Kxd7 40. Ba3+ Kc6 41. Bxb2 Rg4+ 42. Kh2 Rxg5 43. Be8+
Kc7 44. Bg6 1-0

[Event "8th ch-Euro"]
[Site "Dresden GER"]
[Date "2007.04.07"]
[Round "5"]
[White "Kempinski,R"]
[Black "Cornette,M"]
[Result "1-0"]
[WhiteElo "2590"]
[BlackElo "2482"]
[EventDate "2007.04.03"]

1. d4 Nf6 2. c4 e6 3. Nf3 d5 4. Nc3 dxc4 5. e4 Bb4 6. Bg5 b5 7. a4 Bb7 8.
axb5 Bxe4 9. Bxc4 h6 10. Bd2 Bb7 11. Qa4 Qe7 12. b6+ Nbd7 13. bxa7 O-O 14.
Be2 c5 15. Qb5 Nb8 16. Qa4 Nc6 17. Nb5 Bxd2+ 18. Nxd2 Nxd4 19. Nxd4 cxd4
20. O-O Rfd8 21. Qa3 Qd7 22. Rfd1 e5 23. Nc4 Qc6 24. Bf1 e4 25. Qb3 Qc7 26.
Qb6 Qd7 27. Ne5 Qe7 28. Rxd4 Re8 29. Nc4 Nd5 30. Qd6 Qg5 31. Qc5 Rac8 32.
Qb5 Bc6 33. Qa5 e3 34. fxe3 Rxe3 35. Qd2 Re7 36. Qxg5 hxg5 37. Rxd5 Bxd5
38. Nb6 Rce8 39. Na8 Bxa8 40. g3 1-0

[Event "8th ch-Euro"]
[Site "Dresden GER"]
[Date "2007.04.07"]
[Round "5"]
[White "Iotov,V"]
[Black "Sedlak,N"]
[Result "1-0"]
[WhiteElo "2505"]
[BlackElo "2561"]
[EventDate "2007.04.03"]

1. d4 d5 2. Nf3 Nf6 3. c4 c6 4. Nc3 Qb6 5. c5 Qc7 6. g3 Bg4 7. Ne5 Be6 8.
Bg2 g6 9. O-O Bg7 10. Bf4 Qc8 11. Qd2 O-O 12. Bh6 Bh3 13. Bxg7 Kxg7 14. f3
Bxg2 15. Kxg2 Nbd7 16. Nd3 b6 17. b4 a5 18. a3 Re8 19. Qf4 Qa6 20. Rfc1 Kg8
21. b5 Qb7 22. cxb6 Qxb6 23. Rab1 c5 24. dxc5 Nxc5 25. Nxc5 Qxc5 26. b6
Rab8 27. Nb5 Qxb6 28. Nc7 Qa7 29. Nxe8 Rxe8 30. Rc7 Qa6 31. Qe5 h5 32. Rxe7
Rf8 33. Rb8 d4 34. Rxf8+ Kxf8 35. Qc7 Kg8 36. Qd8+ 1-0

[Event "8th ch-Euro"]
[Site "Dresden GER"]
[Date "2007.04.07"]
[Round "5"]
[White "Khismatullin,D"]
[Black "Akesson,R"]
[Result "1-0"]
[WhiteElo "2599"]
[BlackElo "2475"]
[EventDate "2007.04.03"]

1. e4 c5 2. Nf3 d6 3. d4 cxd4 4. Nxd4 Nf6 5. Nc3 a6 6. Be3 e5 7. Nb3 Be6 8.
Qd2 Nbd7 9. O-O-O b5 10. f4 Qc7 11. h3 Rc8 12. g4 b4 13. Nd5 Bxd5 14. exd5
Nxd5 15. Rh2 Nxe3 16. Qxe3 Be7 17. Bxa6 Rb8 18. Kb1 O-O 19. Bd3 Rfe8 20.
Re2 Bf8 21. Qf3 Nb6 22. Rf1 g6 23. fxe5 dxe5 24. Na5 Rbd8 25. Ref2 Ra8 26.
Nc6 Rac8 27. Bb5 Bc5 28. Re2 Re6 29. Na5 Rd8 30. Nb3 Bf8 31. Nd2 Rd4 32.
Ne4 Nd5 33. Ba4 Nf4 34. Ree1 Bg7 35. Bb3 Re7 36. Rd1 Rxd1+ 37. Rxd1 h6 38.
g5 hxg5 39. Nxg5 e4 40. Qe3 Kf8 41. h4 Be5 42. Qxe4 Bxb2 43. Qa8+ Kg7 44.
Bxf7 Qc3 45. Qg8+ Kf6 46. Qf8 1-0

[Event "8th ch-Euro"]
[Site "Dresden GER"]
[Date "2007.04.07"]
[Round "5"]
[White "Markus,Rob"]
[Black "Safarli,E"]
[Result "1-0"]
[WhiteElo "2560"]
[BlackElo "2445"]
[EventDate "2007.04.03"]

1. d4 Nf6 2. c4 g6 3. Nc3 d5 4. Nf3 Bg7 5. Qb3 dxc4 6. Qxc4 O-O 7. e4 Na6
8. Qa4 c5 9. d5 e6 10. Bxa6 bxa6 11. dxe6 Bxe6 12. O-O Qb6 13. Qc2 Rab8 14.
Rb1 Qa5 15. Bf4 Rb4 16. b3 Rc8 17. Qe2 Qb6 18. Rbd1 Qb7 19. Rfe1 h6 20. Bd6
Ne8 21. Be5 c4 22. Bxg7 Nxg7 23. bxc4 Bxc4 24. Qe3 Kh7 25. Ne5 Qb6 26. Qf3
Qe6 27. Nd7 Ne8 28. Nf8+ 1-0

[Event "8th ch-Euro"]
[Site "Dresden GER"]
[Date "2007.04.07"]
[Round "5"]
[White "Agrest,E"]
[Black "Holzke,F"]
[Result "1/2-1/2"]
[WhiteElo "2561"]
[BlackElo "2467"]
[EventDate "2007.04.03"]

1. Nf3 Nf6 2. c4 c6 3. e3 d5 4. Qc2 g6 5. b3 Bg4 6. Bb2 Nbd7 7. Nd4 c5 8.
h3 Bxh3 9. Rxh3 cxd4 10. exd4 Bg7 11. Be2 O-O 12. Nc3 Nb8 13. Bf3 Nc6 14.
Ne2 Re8 15. Kf1 e5 16. dxe5 Nxe5 17. Bxe5 1/2-1/2

[Event "8th ch-Euro"]
[Site "Dresden GER"]
[Date "2007.04.07"]
[Round "5"]
[White "Oleksienko,M"]
[Black "Guseinov,El"]
[Result "1-0"]
[WhiteElo "2541"]
[BlackElo "2432"]
[EventDate "2007.04.03"]

1. e4 c5 2. Nf3 d6 3. d4 cxd4 4. Nxd4 Nf6 5. Nc3 g6 6. Be3 Bg7 7. f3 Nc6 8.
Qd2 Bd7 9. O-O-O h5 10. Kb1 a6 11. Be2 b5 12. h3 Rc8 13. g4 Ne5 14. g5 Nh7
15. f4 Nc4 16. Bxc4 Rxc4 17. Nd5 O-O 18. f5 Re8 19. b3 Rc8 20. Nf3 Bc6 21.
Bd4 e6 22. Bxg7 Kxg7 23. Qd4+ e5 24. Qe3 Bxd5 25. Rxd5 Rc6 26. Rhd1 Qc7 27.
Qd2 Rc8 28. Ne1 h4 29. Rc1 Nf8 30. Qf2 Rc3 31. Qxh4 a5 32. Rxb5 a4 33. Qf2
axb3 34. axb3 Ra8 35. Qb6 Qd7 36. Rd1 Rc6 37. Qb7 Qe8 38. Rb6 Rxb6 39. Qxb6
Qc8 40. Qb4 gxf5 41. exf5 Qxf5 42. Qxd6 Ng6 43. h4 Qg4 44. Qf6+ Kg8 45. Qf3
Qxf3 46. Nxf3 e4 47. Nd4 Nxh4 48. Kb2 Kg7 49. Rh1 Ng2 50. Rg1 Nf4 51. Rg4
Nh3 52. Rxe4 Nxg5 53. Rf4 Kg6 54. b4 Rb8 55. Kb3 Rf8 56. b5 f5 57. Ka4 Nh3
58. Rxf5 Rxf5 59. Nxf5 Kxf5 60. b6 1-0

[Event "8th ch-Euro"]
[Site "Dresden GER"]
[Date "2007.04.07"]
[Round "5"]
[White "Novikov,St"]
[Black "Georgiadis,I"]
[Result "1-0"]
[WhiteElo "2535"]
[BlackElo "2388"]
[EventDate "2007.04.03"]

1. e4 c5 2. Nf3 d6 3. d4 cxd4 4. Nxd4 Nf6 5. Nc3 a6 6. Be3 e5 7. Nb3 Be6 8.
f4 exf4 9. Bxf4 Nc6 10. Qe2 Be7 11. h3 O-O 12. O-O-O Ne8 13. Kb1 Bf6 14.
Qe3 Rc8 15. g4 Be5 16. Be2 Bxf4 17. Qxf4 Qb6 18. h4 Ne5 19. h5 a5 20. h6 g6
21. Nd5 Bxd5 22. Rxd5 a4 23. Nd4 Nc7 24. Qf6 Ne8 25. Qf2 Rc5 26. Rf1 Nc7
27. Qf6 Ne8 28. Qe7 a3 29. b3 Rc7 30. Qg5 Rc5 31. Nb5 Rxb5 32. Bxb5 Nc7 33.
Qf6 Ne8 1-0

[Event "8th ch-Euro"]
[Site "Dresden GER"]
[Date "2007.04.07"]
[Round "5"]
[White "Simacek,P"]
[Black "Shomoev,A"]
[Result "1/2-1/2"]
[WhiteElo "2501"]
[BlackElo "2556"]
[EventDate "2007.04.03"]

1. e4 c5 2. Nf3 d6 3. d4 cxd4 4. Nxd4 Nf6 5. Nc3 a6 6. Bg5 e6 7. f4 Qc7 8.
Bxf6 gxf6 9. Qd2 b5 10. O-O-O Nd7 11. Kb1 b4 12. Nce2 Bb7 13. Ng3 h5 14. h4
Qb6 15. Be2 Nc5 16. Bxh5 Nxe4 17. Nxe4 Bxe4 18. Nxe6 Rxh5 19. Qe2 fxe6 20.
Qxe4 O-O-O 21. Qxe6+ Kb8 22. Qxf6 Qc7 23. Qe6 Rc5 24. Rd2 Rc8 25. Rc1 a5
26. g4 Rc4 27. Qf5 Qb7 28. Rd5 Rxf4 29. Qh5 Rc5 30. Rxc5 dxc5 31. Qe8+ Ka7
32. Qd8 Be7 33. Qxa5+ Kb8 34. Qa4 Rxg4 35. Qe8+ Ka7 36. h5 Rh4 37. Qa4+ Kb6
38. a3 Rxh5 39. axb4 cxb4 40. Re1 Bd6 41. Qb3 Qd5 42. Qxd5 Rxd5 43. Ka2 Bc5
44. Rh1 Re5 45. Rh3 Bd4 46. Kb3 Bc5 47. c3 bxc3 48. bxc3 Bf2 49. Rf3 Be3
50. Rf8 Re7 51. Rf5 Kc6 52. Rh5 Bf4 53. Rf5 Be5 54. Rf3 Kd5 55. Rd3+ Kc5
56. Rh3 Rb7+ 57. Kc2 Kd5 58. Rh4 Rf7 59. Rh3 Kc4 60. Rh4+ Kd5 61. Rh3 Rf2+
62. Kb3 Rf1 63. Rd3+ Ke4 64. Rd8 Rc1 65. Rc8 Rb1+ 66. Kc2 Rh1 67. Rd8 Rh3
68. Rc8 Bf6 69. Re8+ Be5 70. Rc8 Rh7 71. Rd8 Rh3 72. Rc8 1/2-1/2

[Event "8th ch-Euro"]
[Site "Dresden GER"]
[Date "2007.04.07"]
[Round "5"]
[White "Bobras,P"]
[Black "Can,E"]
[Result "1-0"]
[WhiteElo "2542"]
[BlackElo "2409"]
[EventDate "2007.04.03"]

1. e4 e6 2. d4 d5 3. Nc3 Bb4 4. e5 c5 5. a3 Bxc3+ 6. bxc3 Ne7 7. Qg4 O-O 8.
Bd3 Nbc6 9. Bg5 Qa5 10. Ne2 Qa4 11. h4 c4 12. Bxh7+ Kxh7 13. Kd2 Nf5 14.
Rh3 Bd7 15. Qh5+ Nh6 16. Rg3 Qa5 17. Be3 Ne7 18. Rxg7+ Kxg7 19. Bxh6+ 1-0